00622nam a22001817a 450000500170000001000150001702000260003203500140005803700090007208200130008110000210009424500810011525000060019626000360020227001520023830000200039070000300041020260612160046.0 aENG-148832 c350.00a9788119664214 aEN-132364 bDBAD a236.521 aThomas, Gracious aPurgatory:cGracious Thomas [and] Elvis G. ThomasbThe Gift of Divine Mercy/ a1 bATC PublishersaBengaluruc2024 aSt's Mary Block, Archdiocesan,Pastoral Center,#5, Nandidurga Road,Benson TownbBengalurue560046k+918025491999k7090100444minfo@atcpublishers.com a239p.c21cm(pb) aThomas, Elvis G. eAuthor